000 00700 a2200229 4500
260 _aParis
630 _a65 - Gestion et organisation de lindustrie, du commerce, de la communication et des transports
650 _a6 - SCIENCES APPLIQUEES
100 _aAnsoff, H. Igor
260 _bLes éditions d'organisation
300 _a287 p.
245 _aStratégie du développement de l'entreprise : une approche méthodologique du management stratégique dans le dernier quart du XXè siècle
650 _aManagement
260 _c1989
300 _b21 cm
100 _lFr
440 _aLes classiques E. O.
037 _aDE5311
020 _a2-7081-1028-4
999 _c33680
_d33680